000 00347nam a2200157Ia 4500
100 _aBarbara/Daniel
650 _aDatamining
942 _cBK
366 _f20
245 _aApplication of Datamining in computer security
260 _bSpringer International
_c2002
082 _a5.8
_bBAR
300 _a252
546 _aENGLISH
999 _c27864
_d27864